Tài liệu hỗ trợ giáo viên tập sự môn Ngữ Văn

Nội dung sách giới thiệu đặc trưng môn ngữ văn ở THPT và những phẩm chất, năng lực cần có ở người giáo viên ngữ văn. Một số vấn đề cần chú ý về nội dung kiến thức Ngữ Văn ở THPT như: kiến thức về văn học, tiếng Việt, làm v...

Celý popis

Uloženo v:
Podrobná bibliografie
Hlavní autor: Hoàng, Hữu Bội
Médium: Kniha
Jazyk:Undetermined
Vydáno: Hà Nội Nxb. Đại học Quốc gia Hà Nội 2013
Témata:
Tagy: Přidat tag
Žádné tagy, Buďte první, kdo otaguje tento záznam!
Thư viện lưu trữ: Trung tâm Học liệu Trường Đại học Cần Thơ
LEADER 01165nam a2200205Ia 4500
001 CTU_210575
008 210402s9999 xx 000 0 und d
082 |a 495.9220712 
082 |b B452 
100 |a Hoàng, Hữu Bội 
245 0 |a Tài liệu hỗ trợ giáo viên tập sự môn Ngữ Văn 
245 0 |c Hoàng Hữu Bội 
260 |a Hà Nội 
260 |b Nxb. Đại học Quốc gia Hà Nội 
260 |c 2013 
520 |a Nội dung sách giới thiệu đặc trưng môn ngữ văn ở THPT và những phẩm chất, năng lực cần có ở người giáo viên ngữ văn. Một số vấn đề cần chú ý về nội dung kiến thức Ngữ Văn ở THPT như: kiến thức về văn học, tiếng Việt, làm văn. Một số vấn đề cần chú ý về phương pháp dạy ngữ văn. 
650 |a Ngữ văn,Philology 
650 |x Học và giảng dạy (trung học),Study and teaching (secondary) 
904 |i Qhieu 
980 |a Trung tâm Học liệu Trường Đại học Cần Thơ